000
00269nam a2200121 a 4500
008
130429s1989|||| d
100
1
_a
Brunovská,S.
245
1
0
_a
Šijeme deťom
260
_b
Alfa
_a
Bratislava
_c
1989
020
_c
0
041
_a
slo
044
_a
xo
_c
SK
999
_c
20249
_d
20249